000 00334nam a2200133Ia 4500
008 240624s9999 xx 000 0 und d
041 _aeng
082 _a923 BLU
100 _aBLUMENTHAL KAREN
245 _aSTEVE JOBS THE MAN WHO THOUGHT DIFFERENT
260 _c2012
_aNew Delhi
_bBloomsbury
300 _a310 : p.
365 _cRS
_b25
999 _c19212
_d19212